000 00483nam a2200181Ia 4500
001 22919
003 GE_BSU
008 181216s||||||||xx |||||||||||||| ||und||
040 _cGE_BSU
245 _aParis Match, du 26 juillet au 1 aout. №3611. 2018
260 _aParis
260 _c2018
300 _a119p. 29 cm. ill.
653 _aParis Match, du 26 juillet au 1 aout. №3611. 2018
653 _aПериодика
653 _aპერიოდიკა
942 _cCR
999 _c55822
_d55822